000 00433nam a2200157Ia 4500
008 230917s9999||||xx |||||||||||||| ||und||
020 _cPOU27.5
040 _e8986
_aMAIN
041 _aEnglish
082 _a327.47 A72S
100 _aAdomeit, Hannes
245 0 _aSoviet risk-taking and crisis behaviour: A theoritical and emprical analysis
260 _aLondon
_bGeorge Allen & Unwin
_c1982
300 _axi, 377 p.
942 _cBK
999 _c39521
_d39521